Tilastot visalle Länsi-Afrikan maat kartalla

Klikkaa tästä pelataksesi tätä visaa!

Yleistilastot

  • Tätä visaa on pelattu 1 861 kertaa
  • Keskiarvotulos 12 / 16

Vastaukset kartalla

Vastauksille on annettu kartalla punavihreä väri sen mukaan, kuinka moni on saanut sen oikein.
 

Vastaustilastot

Vastaus% Oikein
Mali
88%
Nigeria
87%
Mauritania
83%
Niger
83%
Kap Verde
82%
Norsunluurannikko
82%
Togo
77%
Burkina Faso
75%
Senegal
74%
Gambia
70%
Ghana
70%
Liberia
67%
Benin
66%
Guinea-Bissau
66%
Sierra Leone
66%
Guinea
63%

Tulosjakauma

Persentiili vastausten määrän mukaan

Jokaisen tuloksen saaneiden osuus

Tuloshistoriasi

Et ole pelannut tätä visaa